000 00611nam a22001937a 4500
005 20251108170114.0
008 250721s9999 xx 000 0 ara d
082 1 4 _aط/ق/محم
100 1 _aالطرزي، محمد عبد الحميد
245 1 0 _aالمغامرون الخمسة في :
_bلغز ورقة اليانصيب /
264 _c[19-].
300 _a93ص
490 0 _aمغامرات و ألغاز بوليسية للأولاد ؛ 150
650 1 7 _aالأدب العربي
650 1 7 _aالقصص العربيه
650 1 7 _aأدب الاطفال
942 _2ddc
_cBK
999 _c39883
_d39883